[Event "CZECH OPEN 2011 "]
[Site "Pardubice (CZE)"]
[Date "2011.07.27"]
[Round "6.12"]
[White "Stocek, Jiri"]
[Black "Kanovsky, David"]
[Result "1/2-1/2"]
[WhiteElo "2596"]
[BlackElo "2478"]
[PlyCount "102"]
[EventDate "2011.07.22"]

1. Nf3 c5 2. b3 Nf6 3. Bb2 e6 4. e3 Be7 5. d4 b6 6. Bd3 Bb7 7. O-O O-O 8. Nbd2
cxd4 9. exd4 d6 10. Re1 Nbd7 11. Rc1 Re8 12. c4 Bf8 13. Bb1 Rc8 14. a3 Rc7 15.
Nf1 Qa8 16. Ne3 Bxf3 17. Qxf3 Qxf3 18. gxf3 Nh5 19. Bd3 g6 20. Rc2 Bg7 21. b4
Nf4 22. Bf1 e5 23. Rd1 exd4 24. Bxd4 Ne5 25. Kh1 Nxf3 26. Bxg7 Kxg7 27. Rxd6
Re5 28. Rc3 Ng5 29. Rd1 h5 30. Nc2 Ne4 31. Rf3 g5 32. Kg1 f6 33. Nd4 Kg6 34.
Nb3 h4 35. h3 a5 36. Re3 axb4 37. axb4 Ra7 38. c5 bxc5 39. bxc5 Ra2 40. c6 Nxf2
41. Rxe5 fxe5 42. c7 Rc2 43. Rc1 N2xh3+ 44. Kh1 Nf2+ 45. Kh2 Rxc7 46. Rxc7 g4
47. Kg1 g3 48. Rc8 Kg7 49. Rc3 N2h3+ 50. Kh1 Nf2+ 51. Kg1 N2h3+ 1/2-1/2

[Event "CZECH OPEN 2011 "]
[Site "Pardubice (CZE)"]
[Date "2011.07.27"]
[Round "6.13"]
[White "Levin, Evgeny A"]
[Black "Vorobiov, Evgeny E"]
[Result "1/2-1/2"]
[WhiteElo "2465"]
[BlackElo "2574"]
[PlyCount "32"]
[EventDate "2011.07.22"]

1. d4 Nf6 2. c4 g6 3. Nc3 Bg7 4. e4 d6 5. Nf3 O-O 6. Be2 e5 7. Be3 Ng4 8. Bg5
f6 9. Bc1 f5 10. exf5 exd4 11. Bg5 Qe8 12. Nd5 d3 13. Qxd3 Bxf5 14. Qd2 Rf7 15.
O-O Nc6 16. Ne3 Nxe3 1/2-1/2

[Event "CZECH OPEN 2011 "]
[Site "Pardubice (CZE)"]
[Date "2011.07.27"]
[Round "6.14"]
[White "Rozum, Ivan"]
[Black "Grigoriants, Sergey"]
[Result "1/2-1/2"]
[WhiteElo "2464"]
[BlackElo "2566"]
[PlyCount "31"]
[EventDate "2011.07.22"]

1. d4 Nf6 2. c4 e6 3. Nc3 Bb4 4. e3 O-O 5. Nge2 d5 6. cxd5 exd5 7. g3 Re8 8.
Bg2 c6 9. O-O Bd6 10. Qc2 Na6 11. a3 Nc7 12. Bd2 g6 13. f3 c5 14. Kh1 b6 15. e4
cxd4 16. Nxd4 1/2-1/2

[Event "CZECH OPEN 2011 "]
[Site "Pardubice (CZE)"]
[Date "2011.07.27"]
[Round "6.15"]
[White "Sengupta, Deep"]
[Black "Bryzgalin, Kirill"]
[Result "1-0"]
[WhiteElo "2563"]
[BlackElo "2469"]
[PlyCount "49"]
[EventDate "2011.07.22"]

1. c4 e5 2. Nc3 Bb4 3. g3 Nf6 4. Bg2 O-O 5. Nf3 Re8 6. O-O Bxc3 7. bxc3 d6 8.
Ne1 Nc6 9. e4 Nd7 10. d3 Nc5 11. f4 exf4 12. Bxf4 f5 13. Qh5 g6 14. Qh6 Qe7 15.
exf5 Bxf5 16. Bd5+ Ne6 17. Bg5 Qd7 18. Rxf5 gxf5 19. Ng2 Ncd8 20. Bxd8 c6 21.
Qg5+ Qg7 22. Bxe6+ Rxe6 23. Qxg7+ Kxg7 24. Nf4 Re8 25. Bc7 1-0

[Event "CZECH OPEN 2011 "]
[Site "Pardubice (CZE)"]
[Date "2011.07.27"]
[Round "6.53"]
[White "Nguyen, Chi-Minh"]
[Black "Majer, Jiri"]
[Result "1/2-1/2"]
[WhiteElo "2409"]
[BlackElo "2217"]
[PlyCount "134"]
[EventDate "2011.07.22"]

1. d4 Nf6 2. c4 g6 3. Nc3 Bg7 4. e4 d6 5. Bg5 Nbd7 6. f3 h6 7. Be3 e5 8. d5 O-O
9. g4 Nh7 10. h4 f5 11. h5 fxg4 12. hxg6 Ng5 13. Qd2 Qf6 14. O-O-O Qxg6 15.
fxg4 Nf6 16. Bd3 Nxg4 17. Kb1 Nxe3 18. Qxe3 Bg4 19. Nge2 Rf3 20. Qg1 Nh3 21.
Qg2 Raf8 22. Ng1 Nf4 23. Qc2 Re3 24. Nge2 Nxe2 25. Bxe2 Rf2 26. Rdg1 Rf4 27.
Ka1 h5 28. Nd1 Qxe4 29. Nxe3 Qxc2 30. Nxc2 Bxe2 31. Ne3 Kf7 32. Rh2 Bf3 33. Rf1
Bh6 34. Rhf2 e4 35. Ng2 Bxg2 36. Rxf4+ Bxf4 37. Rxf4+ Kg6 38. Kb1 Kg5 39. Rf7
Bf3 40. Rg7+ Kf4 41. Rxc7 e3 42. Kc1 Ke5 43. b3 Kd4 44. Rf7 Bg4 45. Kc2 Be2 46.
Rf4+ Ke5 47. Rf8 Kd4 48. Rf6 Bd3+ 49. Kd1 b5 50. Rxd6 bxc4 51. bxc4 Bxc4 52. a3
h4 53. Rh6 Kxd5 54. Rxh4 Bd3 55. Kc1 a6 56. Rf4 Ke5 57. Rb4 Kd5 58. Kd1 Kc5 59.
Ke1 Kd5 60. Kd1 Kc5 61. Kc1 Kd5 62. Rh4 Kc5 63. Rg4 Kd5 64. Ra4 Kc5 65. Rf4 Kd5
66. Rb4 Kc5 67. Rf4 Kd5 1/2-1/2

[Event "CZECH OPEN 2011 "]
[Site "Pardubice (CZE)"]
[Date "2011.07.27"]
[Round "6.66"]
[White "Alvarez Fernandez, Enrique"]
[Black "Steinberg, Nitzan"]
[Result "0-1"]
[WhiteElo "2377"]
[BlackElo "2259"]
[PlyCount "116"]
[EventDate "2011.07.22"]

1. d4 Nf6 2. Nf3 c5 3. dxc5 Qa5+ 4. Nc3 Qxc5 5. e4 d6 6. a3 a6 7. Be2 g6 8. Be3
Qc7 9. Qd2 Nbd7 10. O-O Bg7 11. Bh6 O-O 12. Rfe1 b5 13. Qg5 Bb7 14. Bd3 Qc5 15.
Bxg7 Qxg5 16. Nxg5 Kxg7 17. Nh3 e5 18. Rad1 Nc5 19. f3 Rfd8 20. Nf2 Rac8 21.
Rd2 Kf8 22. Nfd1 Ne8 23. Ne3 Nc7 24. Bf1 Bc6 25. Red1 Ke7 26. h4 N5e6 27. Kf2
Ng7 28. g3 Nge8 29. Na2 Nf6 30. g4 a5 31. b4 Ra8 32. c4 axb4 33. Nxb4 Bb7 34.
cxb5 Rxa3 35. g5 Nh5 36. Ned5+ Nxd5 37. exd5 Rc8 38. Nc6+ Kf8 39. Rb1 Nf4 40.
Bc4 Rc3 41. Rb4 Ra8 42. b6 Kg7 43. Na7 Rc1 44. Nb5 Raa1 45. Nxd6 Rg1 46. Ke3
Rge1+ 47. Be2 Nxd5+ 48. Rxd5 Bxd5 49. Rb2 Reb1 50. Rd2 Bc6 51. Bc4 Rxb6 52.
Nxf7 Ra3+ 53. Ke2 Bxf3+ 54. Kf2 e4 55. Rc2 Rb1 56. Be6 Bh5 57. Nd6 e3+ 58. Kg2
Kf8 0-1

[Event "CZECH OPEN 2011 "]
[Site "Pardubice (CZE)"]
[Date "2011.07.27"]
[Round "6.89"]
[White "Cerveny, Martin"]
[Black "Balacek, Tadeas"]
[Result "1-0"]
[WhiteElo "2347"]
[BlackElo "2251"]
[PlyCount "55"]
[EventDate "2011.07.22"]

1. d4 Nf6 2. c4 g6 3. Nc3 Bg7 4. e4 d6 5. f3 O-O 6. Be3 c5 7. Nge2 Nc6 8. d5
Ne5 9. Ng3 e6 10. Be2 exd5 11. cxd5 a6 12. a4 Bd7 13. h3 b5 14. f4 Nc4 15. Bxc4
bxc4 16. O-O Rb8 17. Ra2 Qe7 18. Qd2 h5 19. e5 dxe5 20. d6 Qe6 21. f5 Qe8 22.
Bg5 e4 23. Bxf6 Bxf6 24. Ncxe4 Bd4+ 25. Kh1 Qe5 26. f6 g5 27. Nf5 Bxf5 28.
Qxg5+ 1-0

[Event "CZECH OPEN 2011 "]
[Site "Pardubice (CZE)"]
[Date "2011.07.27"]
[Round "6.90"]
[White "Wagener, Claude"]
[Black "Denisov, Ivan"]
[Result "1-0"]
[WhiteElo "2232"]
[BlackElo "2323"]
[PlyCount "45"]
[EventDate "2011.07.22"]

1. e4 c5 2. Nf3 d6 3. d4 cxd4 4. Nxd4 Nf6 5. Nc3 a6 6. Bd3 g6 7. O-O Bg7 8. Re1
Nbd7 9. Bf1 O-O 10. a4 Re8 11. a5 Qc7 12. h3 Ne5 13. Bg5 e6 14. Qd2 Bd7 15. b3
Nc6 16. Nxc6 Bxc6 17. Rad1 Rad8 18. Qf4 Qxa5 19. Bxf6 e5 20. Bxd8 Qxc3 21. Qh4
h6 22. Bb6 Qxc2 23. Bc4 1-0

[Event "CZECH OPEN 2011 "]
[Site "Pardubice (CZE)"]
[Date "2011.07.27"]
[Round "6.91"]
[White "Shemeakin, Alexander"]
[Black "Zwardon, Vojtech"]
[Result "0-1"]
[WhiteElo "2317"]
[BlackElo "2231"]
[PlyCount "74"]
[EventDate "2011.07.22"]

1. d4 Nf6 2. c4 e5 3. dxe5 Ng4 4. Bf4 g5 5. Bg3 Bg7 6. Nf3 Nc6 7. Nc3 Ngxe5 8.
Nxe5 Nxe5 9. e3 h5 10. h4 g4 11. c5 b6 12. Bxe5 Bxe5 13. Qd5 Bxc3+ 14. bxc3 Qf6
15. Rc1 Rb8 16. cxb6 Rxb6 17. Qd4 Bb7 18. Qxf6 Rxf6 19. Rb1 Rb6 20. Rxb6 axb6
21. Rg1 Ke7 22. Bc4 Ra8 23. Kd2 b5 24. Bb3 c5 25. c4 bxc4 26. Bxc4 d5 27. Rb1
Bc6 28. Bb3 c4 29. Bc2 Rxa2 30. Kc3 Ba4 31. Bxa4 Rxa4 32. Kd4 Ra2 33. Kxd5 Rxf2
34. Kxc4 Rxg2 35. Rb5 g3 36. Rxh5 Rg1 37. Re5+ Kf8 0-1

[Event "CZECH OPEN 2011 "]
[Site "Pardubice (CZE)"]
[Date "2011.07.27"]
[Round "6.93"]
[White "Mueller, Fabian"]
[Black "Slacky, Stanislav"]
[Result "1-0"]
[WhiteElo "2314"]
[BlackElo "2205"]
[PlyCount "77"]
[EventDate "2011.07.22"]

1. d4 d6 2. Nf3 Bg4 3. c4 Nd7 4. g3 Bxf3 5. exf3 g6 6. Nc3 Bg7 7. Be3 c6 8. Bg2
e5 9. d5 c5 10. O-O Ne7 11. Bh3 O-O 12. Nb5 Nb6 13. Qd3 f5 14. f4 e4 15. Qe2
Qd7 16. Rac1 a6 17. Nc3 Rfe8 18. Rfd1 Na4 19. Nxe4 Nxd5 20. Rxd5 Rxe4 21. Qd2
Nxb2 22. Rxd6 Qa4 23. Qd5+ Kh8 24. Qxb7 Qe8 25. Bxc5 Nxc4 26. Rd7 Rb8 27. Qd5
Rc8 28. Rxg7 Kxg7 29. Rxc4 Re1+ 30. Bf1 Rd8 31. Bd4+ Kh6 32. Qg2 Qe2 33. Qh3+
Qh5 34. Qxh5+ Kxh5 35. Kg2 Re4 36. Rc7 h6 37. Be3 g5 38. fxg5 hxg5 39. Rc6 1-0

[Event "CZECH OPEN 2011 "]
[Site "Pardubice (CZE)"]
[Date "2011.07.27"]
[Round "6.97"]
[White "Volodin, Viktor"]
[Black "Vrana, Jan"]
[Result "0-1"]
[WhiteElo "2200"]
[BlackElo "2306"]
[PlyCount "84"]
[EventDate "2011.07.22"]

1. Nf3 Nf6 2. c4 e6 3. d4 d5 4. g3 dxc4 5. Bg2 Nc6 6. O-O Rb8 7. Nc3 b5 8. a3
Be7 9. e4 O-O 10. e5 Nd5 11. Ne4 Na5 12. Bg5 Nb3 13. Rb1 h6 14. Bxe7 Qxe7 15.
Ned2 Nxd2 16. Nxd2 Bb7 17. Ne4 Nb6 18. Nc5 Bxg2 19. Kxg2 Nd7 20. Ne4 Rfd8 21.
Qg4 c5 22. dxc5 Nxe5 23. Qe2 Nd3 24. Qe3 f5 25. Nd6 f4 26. gxf4 Nxc5 27. Ne4
Qb7 28. f3 Nxe4 29. Qxe4 Qxe4 30. fxe4 Rd2+ 31. Kf3 Rbd8 32. f5 e5 33. Rf2
R8d3+ 34. Kg2 Rxf2+ 35. Kxf2 Rb3 36. Rd1 Rxb2+ 37. Ke3 Rb3+ 38. Ke2 Rxa3 39.
Rd5 b4 40. Rxe5 b3 41. Kd2 b2 42. Kc2 c3 0-1

[Event "CZECH OPEN 2011 "]
[Site "Pardubice (CZE)"]
[Date "2011.07.27"]
[Round "6.99"]
[White "Bibik, Jura"]
[Black "Kosata, Jan"]
[Result "1/2-1/2"]
[WhiteElo "2303"]
[BlackElo "2139"]
[PlyCount "46"]
[EventDate "2011.07.22"]

1. d4 d5 2. Nf3 Nf6 3. e3 c6 4. Bd3 g6 5. O-O Bg7 6. c4 O-O 7. b4 Nbd7 8. Bb2
a5 9. b5 dxc4 10. Bxc4 c5 11. Nbd2 cxd4 12. exd4 Nb6 13. Be2 a4 14. Nc4 Nfd5
15. Nfe5 Nxc4 16. Bxc4 a3 17. Bc1 Qd6 18. Re1 Be6 19. Qb3 Rfd8 20. Rb1 Bf5 21.
Ra1 Be6 22. Rb1 Bf5 23. Ra1 Be6 1/2-1/2

[Event "CZECH OPEN 2011 "]
[Site "Pardubice (CZE)"]
[Date "2011.07.27"]
[Round "6.86"]
[White "Pirverdiyev, Agil Kamran Oglu"]
[Black "Adamek, Jiri"]
[Result "1/2-1/2"]
[WhiteElo "2050"]
[BlackElo "2289"]
[PlyCount "42"]
[EventDate "2011.07.22"]

1. e4 c5 2. Nf3 e6 3. d4 cxd4 4. Nxd4 a6 5. Bd3 Bc5 6. Nb3 Be7 7. Qg4 g6 8. Qe2
Nc6 9. O-O d6 10. a4 b6 11. Na3 Qc7 12. Nc4 Ne5 13. Be3 Nxc4 14. Bxc4 Nf6 15.
Bh6 d5 16. Bd3 dxe4 17. Bxe4 Nxe4 18. Qxe4 Bb7 19. Qd4 e5 20. Qe3 f6 21. f4 Qc6
1/2-1/2

[Event "CZECH OPEN 2011 "]
[Site "Pardubice (CZE)"]
[Date "2011.07.27"]
[Round "6.88"]
[White "Sarkozy, Ladislav"]
[Black "Lambrechts, Koen"]
[Result "1/2-1/2"]
[WhiteElo "2364"]
[BlackElo "2255"]
[PlyCount "59"]
[EventDate "2011.07.22"]

1. e4 c5 2. Nf3 e6 3. d4 cxd4 4. Nxd4 a6 5. c4 d6 6. Nc3 Qc7 7. Be2 b6 8. O-O
Bb7 9. Be3 Nf6 10. f3 Nbd7 11. a4 Ne5 12. b3 Be7 13. Rc1 O-O 14. f4 Ned7 15.
Bf3 Rfd8 16. Bf2 Bf8 17. Re1 Rac8 18. g3 Qb8 19. f5 e5 20. Nc2 Qa8 21. Nb4 Rc7
22. Nbd5 Nxd5 23. Nxd5 Bxd5 24. Qxd5 Qb8 25. b4 Rdc8 26. Rc3 b5 27. axb5 Nb6
28. Bxb6 Qxb6+ 29. Kg2 axb5 30. Rec1 1/2-1/2

[Event "CZECH OPEN 2011 "]
[Site "Pardubice (CZE)"]
[Date "2011.07.28"]
[Round "7.17"]
[White "Sergienko, Sergey"]
[Black "Friedel, Joshua E"]
[Result "1/2-1/2"]
[WhiteElo "2411"]
[BlackElo "2531"]
[PlyCount "147"]
[EventDate "2011.07.22"]

1. e4 e5 2. Nf3 Nc6 3. Bb5 a6 4. Ba4 Nf6 5. O-O b5 6. Bb3 Bc5 7. a4 Rb8 8. c3
d6 9. d4 Bb6 10. a5 Ba7 11. h3 O-O 12. Be3 Ra8 13. Nbd2 h6 14. Re1 Re8 15. d5
Ne7 16. Ba2 c6 17. dxc6 Nxc6 18. b4 Be6 19. Bxe6 Rxe6 20. Nf1 d5 21. exd5 Nxd5
22. Bxa7 Rxa7 23. Qc2 Rd7 24. Ng3 Nf4 25. Red1 Nd3 26. Ne1 Nxe1 27. Rxe1 Rd2
28. Qb3 Rd3 29. Ne4 Rg6 30. Rad1 Qd7 31. Kf1 Rxd1 32. Rxd1 Qf5 33. Qd5 Ne7 34.
Qd8+ Kh7 35. Qd3 Qh5 36. Re1 Qf5 37. Re3 Qf4 38. g3 Qf5 39. Kg2 Qc8 40. Nc5
Qc6+ 41. Kh2 Qd5 42. Qxd5 Nxd5 43. Rd3 Nc7 44. Rd7 Rc6 45. Rxf7 Ne6 46. Nd7 Ng5
47. Rf5 Rxc3 48. Nxe5 Ne4 49. Kg2 Rb3 50. Nc6 Nd6 51. Rd5 Nc4 52. h4 Rb2 53.
Rd7 h5 54. Ra7 Ne3+ 55. Kf3 Nd5 56. Nd8 Nxb4 57. Ne6 Kg6 58. Nxg7 Ra2 59. Ne6
Rxa5 60. Nf4+ Kh6 61. Rb7 Ra3+ 62. Ke4 Rc3 63. Rb8 Rc4+ 64. Kf5 Rc5+ 65. Ke6 a5
66. Kd6 Rc6+ 67. Kd7 Rc5 68. Rh8+ Kg7 69. Ra8 Rc2 70. Rxa5 Rd2+ 71. Ke6 Nc6 72.
Ra6 Nd4+ 73. Ke5 b4 74. Nxh5+ 1/2-1/2

[Event "CZECH OPEN 2011 "]
[Site "Pardubice (CZE)"]
[Date "2011.07.28"]
[Round "7.68"]
[White "Severiukhina, Zoja"]
[Black "Dann, Matthias"]
[Result "0-1"]
[WhiteElo "2270"]
[BlackElo "2373"]
[PlyCount "140"]
[EventDate "2011.07.22"]

1. e4 c5 2. Nf3 a6 3. c3 e6 4. d4 d5 5. exd5 exd5 6. Bd3 Nc6 7. O-O Bd6 8. Re1+
Nge7 9. dxc5 Bxc5 10. Nbd2 O-O 11. Nb3 Bb6 12. Bg5 h6 13. Be3 Bc7 14. h3 Bf5
15. Bc5 Bxd3 16. Qxd3 Re8 17. Rad1 Qd7 18. Nbd4 Rad8 19. Bxe7 Nxe7 20. Nc2 Ng6
21. Ne3 Nf4 22. Qf1 b5 23. a4 bxa4 24. Rd4 Qc6 25. Ra1 Qb5 26. Rb4 Ne2+ 27. Kh1
Qd3 28. Rd4 Qxe3 29. fxe3 Ng3+ 30. Kg1 Nxf1 31. Kxf1 Rxe3 32. Raxa4 a5 33. Rd2
Bb6 34. Ra1 Re6 35. Rad1 Red6 36. Nd4 Kf8 37. Ke2 Rg6 38. Kd3 Rg3+ 39. Nf3 Rc8
40. Kc2 d4 41. Nxd4 Bxd4 42. Rxd4 Rxg2+ 43. R1d2 Rxd2+ 44. Kxd2 Ke7 45. Ke3 Rc5
46. Kf4 f6 47. Kg4 h5+ 48. Kh4 Kf7 49. Rd7+ Kg6 50. Rd6 Rb5 51. Ra6 Kh6 52. Kg3
Rxb2 53. Rxa5 Rc2 54. Rc5 g5 55. Rc8 Rd2 56. c4 Rd3+ 57. Kg2 g4 58. hxg4 hxg4
59. c5 Rc3 60. c6 f5 61. Kf2 Kg5 62. c7 Kf4 63. Ke2 g3 64. Kd2 Rc5 65. Ke2 Rc6
66. Ke1 g2 67. Kf2 Rc2+ 68. Kg1 Kf3 69. Rg8 Rc1+ 70. Kh2 Rh1# 0-1

[Event "CZECH OPEN 2011 "]
[Site "Pardubice (CZE)"]
[Date "2011.07.28"]
[Round "7.78"]
[White "Zwardon, Vojtech"]
[Black "Bruedigam, Martin"]
[Result "1/2-1/2"]
[WhiteElo "2231"]
[BlackElo "2322"]
[PlyCount "41"]
[EventDate "2011.07.22"]

1. f4 g6 2. e4 d5 3. exd5 Qxd5 4. Nc3 Qa5 5. Nf3 Bg7 6. Bc4 e6 7. d4 Nf6 8. O-O
O-O 9. Ne5 c5 10. d5 exd5 11. Nxd5 Nxd5 12. Bxd5 Qc7 13. Qf3 Nd7 14. Nxd7 Qxd7
15. c3 Rd8 16. Be4 f5 17. Bc2 Qc7 18. Re1 Bd7 19. Qd5+ Kh8 20. Re7 Bf8 21. Rf7
1/2-1/2

[Event "CZECH OPEN 2011 "]
[Site "Pardubice (CZE)"]
[Date "2011.07.28"]
[Round "7.79"]
[White "Martin Alvarez, Inigo"]
[Black "Mukashev, Assan"]
[Result "1-0"]
[WhiteElo "2315"]
[BlackElo "2153"]
[PlyCount "72"]
[EventDate "2011.07.22"]

1. e4 e6 2. d4 d5 3. e5 c5 4. Nf3 cxd4 5. Bd3 Nc6 6. O-O Nge7 7. Bf4 Ng6 8. Bg3
Be7 9. Re1 Bd7 10. Nbd2 Rc8 11. a3 a5 12. Nb3 a4 13. Nbxd4 Nxd4 14. Nxd4 Qb6
15. Nf3 Bb5 16. Rb1 O-O 17. h4 Rfe8 18. h5 Nf8 19. Bf4 Nd7 20. b4 Rc3 21. Bc1
Bxd3 22. cxd3 f5 23. Qxa4 Qd8 24. Nd4 Bh4 25. Bb2 Bxf2+ 26. Kxf2 Qh4+ 27. Kf1
Qh1+ 28. Kf2 Qh4+ 29. Ke2 Qxh5+ 30. Nf3 b5 31. Qd1 Nxe5 32. Bxc3 Nxf3 33. Kf2
Qh4+ 34. Kxf3 e5 35. g3 e4+ 36. Kg2 Qg5 1-0

[Event "CZECH OPEN 2011 "]
[Site "Pardubice (CZE)"]
[Date "2011.07.28"]
[Round "7.80"]
[White "Seifert, Christopher"]
[Black "Mueller, Fabian"]
[Result "0-1"]
[WhiteElo "2193"]
[BlackElo "2314"]
[PlyCount "106"]
[EventDate "2011.07.22"]

1. c4 e5 2. g3 Nc6 3. Bg2 g6 4. Nc3 Bg7 5. e3 d6 6. Nge2 Nh6 7. O-O O-O 8. d3
Be6 9. Rb1 a5 10. a3 Qd7 11. b4 axb4 12. axb4 Bh3 13. Qc2 Bxg2 14. Kxg2 Nd8 15.
Bd2 Ne6 16. Ra1 Rxa1 17. Rxa1 f5 18. f4 g5 19. Rf1 Kh8 20. Qa2 Rg8 21. fxg5
Nxg5 22. Ng1 Ne6 23. Qb3 Qf7 24. Qd1 Qg6 25. Qf3 c6 26. Nh3 Rf8 27. Ne2 Ng4 28.
Nc1 Qh5 29. Rh1 Rf6 30. Nf2 Qf7 31. Rf1 Ng5 32. Qe2 Nxf2 33. Rxf2 d5 34. Bc3
dxc4 35. dxc4 Qe6 36. Nd3 Qxc4 37. h4 Qd5+ 38. Kh2 Nf7 39. Nc5 Nd6 40. Qa2 Rf7
41. Qa1 Nc4 42. e4 fxe4 43. Qa8+ Bf8 44. Rxf7 Qxf7 45. Nxe4 Kg8 46. Qc8 Ne3 47.
Qd8 h6 48. Bd2 Ng4+ 49. Kg1 Qf3 50. Bxh6 Nxh6 51. Nf6+ Kf7 52. Qe8+ Kxf6 53.
Qxf8+ Nf7 0-1

[Event "CZECH OPEN 2011 "]
[Site "Pardubice (CZE)"]
[Date "2011.07.28"]
[Round "7.87"]
[White "Ben, Artzi Ido"]
[Black "Alvarez Fernandez, Enrique"]
[Result "1-0"]
[WhiteElo "2264"]
[BlackElo "2377"]
[PlyCount "83"]
[EventDate "2011.07.22"]

1. d4 d5 2. c4 c6 3. e3 Nf6 4. Nc3 a6 5. Bd3 b5 6. b3 Bg4 7. Nge2 Bh5 8. f3 Bg6
9. Nf4 Bxd3 10. Nxd3 e6 11. c5 a5 12. a3 Be7 13. O-O O-O 14. Bd2 Nfd7 15. b4 a4
16. Be1 Ra7 17. g4 Bf6 18. Bg3 Re8 19. f4 Bh4 20. Qf3 Nf8 21. Ra2 Be7 22. Rg2
Ng6 23. f5 Nh4 24. Bxh4 Bxh4 25. g5 exf5 26. Qf4 Rae7 27. Qxh4 Rxe3 28. Rg3 h6
29. Rxf5 g6 30. Re5 R8xe5 31. Nxe5 Rxg3+ 32. Qxg3 Qxg5 33. Qxg5 hxg5 34. Kf2
Kg7 35. Ke3 f6 36. Nxc6 Nxc6 37. Nxd5 Kf7 38. Nc3 Na7 39. d5 f5 40. Kd4 Kf6 41.
c6 g4 42. Kc5 1-0

[Event "CZECH OPEN 2011 "]
[Site "Pardubice (CZE)"]
[Date "2011.07.28"]
[Round "7.32"]
[White "Rasik, Vitezslav"]
[Black "Yuffa, Daniil"]
[Result "1/2-1/2"]
[WhiteElo "2475"]
[BlackElo "2302"]
[PlyCount "91"]
[EventDate "2011.07.22"]

1. e4 c5 2. Nf3 Nc6 3. Bb5 e6 4. O-O Nge7 5. c3 a6 6. Ba4 b5 7. Bc2 Bb7 8. d4
cxd4 9. Nxd4 Ng6 10. a4 b4 11. Nxc6 dxc6 12. Qh5 Be7 13. Be3 O-O 14. Nd2 bxc3
15. bxc3 c5 16. Nc4 Qc7 17. f4 Bf6 18. Rf3 Bxc3 19. Rh3 h6 20. Rf1 Bd4 21. e5
Qc6 22. Qe2 Rad8 23. Nd6 Rxd6 24. exd6 Qxd6 25. Bxd4 Qxd4+ 26. Qe3 Rd8 27. Bxg6
fxg6 28. Rg3 Kh7 29. h3 Be4 30. Rc1 c4 31. Kh2 Qxe3 32. Rxe3 Rd4 33. g3 Bd5 34.
Rce1 Rd2+ 35. R1e2 Rd1 36. Re1 Rd2+ 37. R1e2 Rd1 38. Re1 Rd4 39. a5 Rd2+ 40.
R1e2 Rd1 41. Re1 Rd4 42. h4 Rd2+ 43. R1e2 Rd1 44. Re1 Rd4 45. R1e2 Rd1 46. Re1
1/2-1/2

[Event "CZECH OPEN 2011 "]
[Site "Pardubice (CZE)"]
[Date "2011.07.28"]
[Round "7.33"]
[White "Lalic, Bogdan"]
[Black "Lokander, Martin"]
[Result "1-0"]
[WhiteElo "2470"]
[BlackElo "2044"]
[PlyCount "45"]
[EventDate "2011.07.22"]

1. d4 Nf6 2. c4 g6 3. Nc3 d5 4. cxd5 Nxd5 5. Bd2 Nb6 6. Nf3 Bg7 7. Rc1 Nc6 8.
e3 O-O 9. Bb5 e5 10. Bxc6 exd4 11. Nxd4 Bxd4 12. exd4 bxc6 13. O-O Bf5 14. Bh6
Re8 15. b3 Qd6 16. Qf3 Rad8 17. h3 Qe7 18. Rfe1 Qh4 19. Bf4 Rxe1+ 20. Rxe1 Nd5
21. Nxd5 Rxd5 22. Re8+ Kg7 23. g4 1-0

[Event "CZECH OPEN 2011 "]
[Site "Pardubice (CZE)"]
[Date "2011.07.28"]
[Round "7.34"]
[White "Gorbatov, Alexej"]
[Black "Schlosser, Philipp"]
[Result "0-1"]
[WhiteElo "2375"]
[BlackElo "2599"]
[PlyCount "50"]
[EventDate "2011.07.22"]

1. e4 c5 2. d3 Nc6 3. Nf3 g6 4. h4 Nf6 5. Bf4 Bg7 6. Qc1 h6 7. Nc3 d5 8. Qd2
Bg4 9. Ne5 Nxe5 10. Bxe5 dxe4 11. Qf4 exd3 12. Bxd3 h5 13. Bb5+ Kf8 14. O-O Kg8
15. f3 Be6 16. Rad1 Qc8 17. Rfe1 Kh7 18. Bxf6 Bxf6 19. Nd5 Bxd5 20. Rxd5 Kg7
21. Bd7 Qb8 22. Qc4 Qg3 23. Re4 b6 24. c3 Rhd8 25. Ba4 e6 0-1

[Event "CZECH OPEN 2011 "]
[Site "Pardubice (CZE)"]
[Date "2011.07.28"]
[Round "7.35"]
[White "Kulhanek, Tomas"]
[Black "Kravtsiv, Martyn"]
[Result "0-1"]
[WhiteElo "2375"]
[BlackElo "2571"]
[PlyCount "94"]
[EventDate "2011.07.22"]

1. e4 e5 2. Nf3 Nc6 3. d4 exd4 4. Nxd4 Bb4+ 5. c3 Bc5 6. Be3 Bb6 7. Nd2 Nge7 8.
Nxc6 bxc6 9. Bxb6 axb6 10. Bd3 O-O 11. O-O d6 12. a4 d5 13. exd5 cxd5 14. Qc2
Ng6 15. Nf3 Qf6 16. Bxg6 hxg6 17. Qd2 Bb7 18. Qd4 c5 19. Qxf6 gxf6 20. Rfe1 Bc6
21. b3 Ra7 22. Rad1 Rb8 23. Nd2 Kg7 24. Re3 b5 25. axb5 Bxb5 26. c4 d4 27. Ree1
Bc6 28. Ra1 Rba8 29. Rxa7 Rxa7 30. f3 Ra2 31. Rd1 f5 32. Kf2 Kf6 33. Ke2 f4 34.
Kd3 Ke5 35. Re1+ Kd6 36. g3 fxg3 37. hxg3 Bd7 38. g4 f5 39. Rg1 Kc6 40. Rg2 Kb6
41. g5 f4 42. Ke4 Ka5 43. Kxf4 Kb4 44. Rf2 Bf5 45. Ke5 Rc2 46. Kd6 d3 47. Kd5
Rb2 0-1

[Event "CZECH OPEN 2011 "]
[Site "Pardubice (CZE)"]
[Date "2011.07.28"]
[Round "7.36"]
[White "Biriukov, Oleg V"]
[Black "Looshnikov, Nikolai"]
[Result "1/2-1/2"]
[WhiteElo "2339"]
[BlackElo "2512"]
[PlyCount "36"]
[EventDate "2011.07.22"]

1. d4 Nf6 2. c4 g6 3. Nc3 Bg7 4. e4 d6 5. Nf3 O-O 6. Be2 Nbd7 7. O-O e5 8. Qc2
Nh5 9. Bg5 f6 10. Be3 Nf4 11. Bxf4 exf4 12. Rad1 Kh8 13. b4 a5 14. a3 axb4 15.
axb4 f5 16. e5 dxe5 17. dxe5 Re8 18. Nb5 Re7 1/2-1/2

[Event "CZECH OPEN 2011 "]
[Site "Pardubice (CZE)"]
[Date "2011.07.28"]
[Round "7.37"]
[White "Vokac, Marek"]
[Black "Nun, Jiri"]
[Result "1/2-1/2"]
[WhiteElo "2499"]
[BlackElo "2360"]
[PlyCount "109"]
[EventDate "2011.07.22"]

1. g3 g6 2. Bg2 Bg7 3. f4 d5 4. Nf3 Nh6 5. O-O O-O 6. c4 c6 7. cxd5 cxd5 8. Nc3
Nc6 9. d4 Nf5 10. e3 e6 11. Ne5 Nce7 12. Rf2 f6 13. Nf3 Bd7 14. Qe1 Nd6 15. b3
Ne4 16. Nxe4 dxe4 17. Nd2 f5 18. Ba3 b5 19. Rc1 Bf6 20. Nb1 Qb6 21. Bc5 Qb7 22.
Rfc2 Rfc8 23. Nd2 Nd5 24. b4 Be8 25. Nb3 Qd7 26. Bf1 a6 27. h4 h6 28. Rh2 h5
29. Rhc2 Bd8 30. Qf2 Bc7 31. Nd2 Bd8 32. Bg2 Nf6 33. a4 Nd5 34. Bf1 Be7 35. Rb1
Qb7 36. Rcc1 bxa4 37. Nc4 Bb5 38. Qa2 Kh7 39. Kf2 Qd7 40. Ne5 Qe8 41. Bc4 Bxc4
42. Nxc4 Rc7 43. Nb6 Nxb6 44. Bxb6 Rxc1 45. Rxc1 Rc8 46. Bc5 Qd7 47. Ra1 Bxc5
48. bxc5 Rb8 49. Qxa4 Rb2+ 50. Kg1 Qb7 51. Qc4 Rd2 52. Qc1 Rb2 53. Qc4 Rd2 54.
Qc1 Rb2 55. Qc4 1/2-1/2

[Event "CZECH OPEN 2011 "]
[Site "Pardubice (CZE)"]
[Date "2011.07.28"]
[Round "7.39"]
[White "Jansa, Vlastimil"]
[Black "Caletka, Radomir"]
[Result "1-0"]
[WhiteElo "2493"]
[BlackElo "2357"]
[PlyCount "111"]
[EventDate "2011.07.22"]

1. e4 c6 2. c4 d5 3. cxd5 cxd5 4. exd5 Nf6 5. Bb5+ Nbd7 6. Nc3 a6 7. Be2 b5 8.
d4 Bb7 9. Nf3 Nxd5 10. a4 b4 11. Nxd5 Bxd5 12. Bg5 Qb8 13. a5 e6 14. Qa4 Bd6
15. O-O Qb7 16. Bh4 O-O 17. Bg3 Be7 18. Rfc1 Rfc8 19. Qd1 Rxc1 20. Qxc1 Rc8 21.
Qf1 Rc6 22. Bf4 Qc8 23. Rc1 Rxc1 24. Qxc1 Qxc1+ 25. Bxc1 Bd8 26. Bxa6 Bxa5 27.
Bd2 Nb8 28. Bb5 Nc6 29. Bxc6 Bxc6 30. Kf1 Bb5+ 31. Ke1 f6 32. Kd1 Kf7 33. Kc2
Ba4+ 34. Kd3 Bb5+ 35. Ke3 Ke7 36. Ne1 Kd6 37. Nc2 Ba4 38. Nxb4 Bxb4 39. Bxb4+
Kd5 40. Bf8 g6 41. Bg7 e5 42. Bxf6 exd4+ 43. Bxd4 h5 44. Bc3 Bc2 45. Kf4 Ke6
46. b4 Bd3 47. f3 Bf1 48. g4 hxg4 49. fxg4 Bb5 50. Kg5 Kf7 51. h4 Bd3 52. h5
gxh5 53. gxh5 Kg8 54. Kf6 Kh7 55. Bd2 Be2 56. h6 1-0

[Event "CZECH OPEN 2011 "]
[Site "Pardubice (CZE)"]
[Date "2011.07.28"]
[Round "7.41"]
[White "Bryzgalin, Kirill"]
[Black "Oparin, Grigoriy"]
[Result "1/2-1/2"]
[WhiteElo "2469"]
[BlackElo "2356"]
[PlyCount "56"]
[EventDate "2011.07.22"]

1. d4 d5 2. c4 e6 3. Nc3 Be7 4. Bf4 Nf6 5. e3 O-O 6. Nf3 Nbd7 7. Bd3 dxc4 8.
Bxc4 Nb6 9. Bb3 Nbd5 10. Bg5 Nxc3 11. bxc3 b6 12. O-O Bb7 13. Rc1 c5 14. Ne5
Nd7 15. Bxe7 Qxe7 16. Nxd7 Qxd7 17. Qg4 Qc6 18. Rcd1 Rfd8 19. Qg3 a5 20. Rb1 b5
21. Bd1 cxd4 22. exd4 Qd7 23. Be2 Bc6 24. Qe5 b4 25. cxb4 axb4 26. Rxb4 Rxa2
27. Rc1 Qd5 28. Bf1 Qxe5 1/2-1/2